[Event "XXIV Festival A"]
[Site "Porto San Giorgio ITA"]
[Date "2013.08.25"]
[Round "5"]
[White "Valsecchi, Alessio"]
[Black "Paltrinieri, Nicholas"]
[WhiteElo "2412"]
[BlackElo "2177"]
[Result "1-0"]
[PlyCount "81"]
[EventDate "2013.08.21"]

1. d4 e6 2. e4 d5 3. Nd2 Nf6 4. e5 Nfd7 5. Bd3 c5 6. c3 Nc6 7. Ne2 cxd4 8. cxd4
f6 9. exf6 Nxf6 10. Nf3 Bd6 11. O-O Qc7 12. Bg5 O-O 13. Bh4 Nh5 14. Qc2 h6 15.
Bh7+ Kh8 16. Bg6 Rxf3 17. Bxh5 Bxh2+ 18. Kh1 Rf5 19. Bg6 Bd6 20. Bxf5 exf5 21.
Rae1 Bd7 22. Nc3 Nb4 23. Qd2 g5 24. Bxg5 hxg5 25. Qxg5 Rf8 26. Qh6+ Kg8 27.
Qg6+ Kh8 28. f4 Be8 29. Rxe8 Qh7+ 30. Qxh7+ Kxh7 31. Rxf8 Bxf8 32. Rd1 Bg7 33.
a3 Nc6 34. Nxd5 Nxd4 35. Re1 a5 36. Re7 b5 37. Rb7 Kg6 38. Nc3 Bf6 39. g3 Kh5
40. Kg2 Kg4 41. Nd5 1-0

[Event "XXIV Festival A"]
[Site "Porto San Giorgio ITA"]
[Date "2013.08.25"]
[Round "5"]
[White "Vezzosi, Paolo"]
[Black "Pescatore, Lorenzo"]
[WhiteElo "2281"]
[BlackElo "2210"]
[Result "0-1"]
[PlyCount "60"]
[EventDate "2013.08.21"]

1. g3 c5 2. Bg2 g6 3. c4 Bg7 4. Nc3 Nc6 5. Nf3 d6 6. O-O e5 7. a3 Nge7 8. Rb1
a5 9. d3 O-O 10. Ne1 Be6 11. Nd5 Rb8 12. Bd2 b5 13. Nc2 a4 14. Nce3 bxc4 15.
Nxe7+ Nxe7 16. dxc4 Rb3 17. Bc3 Qd7 18. Qd2 f5 19. Rbd1 Rd8 20. Ba5 e4 21. Bxd8
Qxd8 22. Qxd6 Qxd6 23. Rxd6 Kf7 24. Rb1 Bxb2 25. Nd5 Be5 26. Rb6 Nxd5 27. cxd5
Bxd5 28. e3 c4 29. Bf1 c3 30. Rb5 c2 0-1

[Event "XXIV Festival A"]
[Site "Porto San Giorgio ITA"]
[Date "2013.08.26"]
[Round "6"]
[White "Armstrong, Malcolm J."]
[Black "Vezzosi, Paolo"]
[WhiteElo "2014"]
[BlackElo "2281"]
[Result "1/2-1/2"]
[PlyCount "86"]
[EventDate "2013.08.21"]

1. d4 Nf6 2. Nf3 c5 3. c3 b6 4. Bg5 Bb7 5. Bxf6 gxf6 6. g3 f5 7. Bg2 d6 8. O-O
Nd7 9. Nbd2 e6 10. Qc2 Nf6 11. Qa4+ Qd7 12. Qxd7+ Nxd7 13. Rfe1 Nf6 14. dxc5
bxc5 15. Nc4 Rb8 16. Rad1 Bd5 17. b3 Ne4 18. Ne3 Nxc3 19. Rd3 Bxf3 20. exf3
Nxa2 21. Nxf5 Rb6 22. f4 Nb4 23. Rdd1 Ra6 24. Ne3 Be7 25. f5 d5 26. f6 Bxf6 27.
Nxd5 Nxd5 28. Bxd5 Bd4 29. Bc4 Rd6 30. Kg2 Ke7 31. Re2 Rb8 32. Ra2 Rb7 33. Rdd2
e5 34. Ra4 e4 35. Rda2 Rdd7 36. Ra6 Kf8 37. Re2 Re7 38. Bd5 Rb4 39. Rea2 Re5
40. Bc4 Rb6 41. Rxa7 Rf6 42. Re2 Kg7 43. Raa2 h6 1/2-1/2

[Event "XXIV Festival A"]
[Site "Porto San Giorgio ITA"]
[Date "2013.08.26"]
[Round "6"]
[White "Draskovic, Luka"]
[Black "Petkov, Vladimir"]
[WhiteElo "2304"]
[BlackElo "2552"]
[Result "0-1"]
[PlyCount "76"]
[EventDate "2013.08.21"]

1. e4 c5 2. Nf3 d6 3. d4 cxd4 4. Nxd4 Nf6 5. Nc3 a6 6. Be3 e5 7. Nde2 Be7 8.
Ng3 Be6 9. Be2 O-O 10. O-O Nbd7 11. a4 Rc8 12. a5 g6 13. Qd2 Qc7 14. Rfc1 Rfd8
15. Nd5 Bxd5 16. exd5 Ne8 17. c4 f5 18. f4 Bf6 19. Rab1 exf4 20. Bxf4 Be5 21.
b4 Nef6 22. Bf1 Re8 23. Ne2 Ne4 24. Qd3 Qd8 25. Re1 Qf6 26. b5 Ndc5 27. Qe3
Bxf4 28. Nxf4 Nc3 29. Ne6 Nxb1 30. Rxb1 Nxe6 31. dxe6 Qxe6 32. Qxe6+ Rxe6 33.
bxa6 bxa6 34. Rb6 Rc5 35. Rxa6 Kf7 36. Ra8 Re7 37. g3 Kf6 38. Kf2 Rcc7 0-1

[Event "XXIV Festival A"]
[Site "Porto San Giorgio ITA"]
[Date "2013.08.26"]
[Round "6"]
[White "Eggleston, David J."]
[Black "Stella, Andrea"]
[WhiteElo "2363"]
[BlackElo "2447"]
[Result "1/2-1/2"]
[PlyCount "77"]
[EventDate "2013.08.21"]

1. e4 e6 2. d4 d5 3. Nc3 Nf6 4. e5 Nfd7 5. f4 c5 6. Nf3 Nc6 7. Be3 Be7 8. Qd2
O-O 9. O-O-O c4 10. f5 b5 11. f6 gxf6 12. Bh6 fxe5 13. dxe5 Ndxe5 14. Bxf8 Bxf8
15. Ne4 Bg7 16. Kb1 Ng6 17. Qg5 Qf8 18. Nf6+ Kh8 19. Nh5 h6 20. Qe3 Bd7 21.
Nxg7 Qxg7 22. h4 Nge7 23. g4 e5 24. Bh3 e4 25. Nd4 Nxd4 26. Qxd4 Qxd4 27. Rxd4
Rg8 28. g5 Bxh3 29. Rxh3 f5 30. Rd1 f4 31. Ra3 f3 32. Rxa7 Re8 33. Rf1 d4 34.
Ra6 Nd5 35. Rxh6+ Kg7 36. h5 e3 37. Rg6+ Kh8 38. Rxf3 e2 39. Rh6+ 1/2-1/2

[Event "XXIV Festival A"]
[Site "Porto San Giorgio ITA"]
[Date "2013.08.26"]
[Round "6"]
[White "Marsili, Riccardo"]
[Black "Bentivegna, Francesco"]
[WhiteElo "2090"]
[BlackElo "2293"]
[Result "1/2-1/2"]
[PlyCount "63"]
[EventDate "2013.08.21"]

1. c4 e5 2. g3 h5 3. h4 Nc6 4. Bg2 Bc5 5. Nc3 d6 6. d3 Bg4 7. Nf3 Nge7 8. O-O
Qd7 9. Na4 f6 10. Nxc5 dxc5 11. Be3 Bh3 12. Bxc5 Bxg2 13. Kxg2 O-O-O 14. b4 Nf5
15. b5 Ncd4 16. Qa4 a6 17. Qa5 Nxf3 18. exf3 Qe6 19. bxa6 Qxa6 20. Qxa6 bxa6
21. Rfd1 Kb7 22. Be3 Kc6 23. Kf1 Rb8 24. Rab1 Rhd8 25. Ke2 a5 26. Kd2 Rb4 27.
a3 Rbb8 28. Kc3 Nd4 29. Rxb8 Rxb8 30. Bxd4 exd4+ 31. Kc2 a4 32. Re1 1/2-1/2

[Event "XXIV Festival A"]
[Site "Porto San Giorgio ITA"]
[Date "2013.08.26"]
[Round "6"]
[White "Mchedlishvili, Mikheil"]
[Black "Dvirnyy, Danyyil"]
[WhiteElo "2633"]
[BlackElo "2549"]
[Result "0-1"]
[PlyCount "50"]
[EventDate "2013.08.21"]

1. c4 e6 2. d4 Nf6 3. Nf3 d5 4. Nc3 dxc4 5. Bg5 c6 6. e4 b5 7. e5 h6 8. Bh4 g5
9. Nxg5 hxg5 10. Bxg5 Nbd7 11. exf6 Bb7 12. g3 c5 13. d5 Qb6 14. Bg2 O-O-O 15.
O-O b4 16. Rb1 Qa6 17. dxe6 Bxg2 18. e7 Bxf1 19. Qd5 Bxe7 20. fxe7 Bd3 21. Ne4
Bxb1 22. Nd6+ Kc7 23. Nxc4 f6 24. Bf4+ Ne5 25. Qxc5+ Kb8 0-1

[Event "XXIV Festival A"]
[Site "Porto San Giorgio ITA"]
[Date "2013.08.26"]
[Round "6"]
[White "Moroni, Luca jr"]
[Black "Bruno, Fabio"]
[WhiteElo "2211"]
[BlackElo "2421"]
[Result "1-0"]
[PlyCount "131"]
[EventDate "2013.08.21"]

1. c4 Nf6 2. Nf3 g6 3. b3 Bg7 4. Bb2 c5 5. g3 Nc6 6. Bg2 d5 7. cxd5 Qxd5 8. O-O
Qh5 9. d3 O-O 10. Nbd2 Bg4 11. Nc4 Rad8 12. Re1 Nd4 13. Nxd4 cxd4 14. Bxb7 Nd5
15. f3 Be6 16. Bxd5 Bxd5 17. Nd2 f5 18. Rc1 Rd7 19. Rc5 g5 20. Qc2 g4 21. f4
Rfd8 22. e4 dxe3 23. Rxe3 Qf7 24. Bxg7 Qxg7 25. Qc3 Qxc3 26. Rxc3 e6 27. Kf2 h5
28. Re1 Kg7 29. Ke3 h4 30. Rec1 hxg3 31. hxg3 Kg6 32. Rc7 Rd6 33. Rxa7 Be4 34.
Nc4 Rxd3+ 35. Ke2 Bf3+ 36. Kf2 Kh6 37. Re7 Rd1 38. Rxe6+ Kg7 39. Rxd1 Rxd1 40.
Re1 Rd8 41. Ke3 Rh8 42. Ne5 Be4 43. Kd4 Rd8+ 44. Kc3 Rc8+ 45. Nc4 Kf6 46. a4
Rd8 47. Re3 Ke6 48. b4 Kd5 49. Re2 Kc6 50. Ne5+ Kc7 51. Re3 Rd1 52. Kc4 Kd6 53.
a5 Rc1+ 54. Kb5 Kd5 55. a6 Ra1 56. Kb6 Kd4 57. Rb3 Bc2 58. Rb2 Kc3 59. Rxc2+
Kxc2 60. b5 Kc3 61. Kb7 Kb4 62. b6 Kb5 63. a7 Rh1 64. a8=Q Rh7+ 65. Nd7 Rxd7+
66. Kc8 1-0

[Event "XXIV Festival A"]
[Site "Porto San Giorgio ITA"]
[Date "2013.08.26"]
[Round "6"]
[White "Naumkin, Igor"]
[Black "Valsecchi, Alessio"]
[WhiteElo "2445"]
[BlackElo "2412"]
[Result "1/2-1/2"]
[PlyCount "76"]
[EventDate "2013.08.21"]

1. d4 Nf6 2. c4 e6 3. Nf3 c5 4. d5 b5 5. Bg5 exd5 6. cxd5 h6 7. Bxf6 Qxf6 8.
Qc2 c4 9. e4 Bb4+ 10. Nc3 O-O 11. Be2 Bb7 12. O-O a6 13. a4 Qb6 14. Rad1 d6 15.
Nd4 Bc5 16. Nf5 Re8 17. Kh1 Bc8 18. Ng3 Nd7 19. f4 Nf6 20. Bf3 Ra7 21. h3 Rae7
22. axb5 axb5 23. b3 cxb3 24. Qxb3 Bf2 25. Nge2 Ba6 26. e5 dxe5 27. d6 Rd7 28.
fxe5 Rxe5 29. Nf4 b4 30. Ncd5 Nxd5 31. Nxd5 Rxd5 32. Bxd5 Bxf1 33. Rxf1 Rxd6
34. Bxf7+ Kh8 35. Qc2 Bc5 36. Bb3 Rd4 37. Qf5 Qf6 38. Qxf6 gxf6 1/2-1/2

[Event "XXIV Festival A"]
[Site "Porto San Giorgio ITA"]
[Date "2013.08.26"]
[Round "6"]
[White "Pescatore, Lorenzo"]
[Black "Drasko, Milan"]
[WhiteElo "2210"]
[BlackElo "2462"]
[Result "0-1"]
[PlyCount "72"]
[EventDate "2013.08.21"]

1. e4 e6 2. d4 d5 3. Nc3 Bb4 4. e5 c5 5. Bd2 Ne7 6. Nb5 Bxd2+ 7. Qxd2 O-O 8. f4
b6 9. Nd6 Ba6 10. Bxa6 Nxa6 11. Nf3 Qd7 12. O-O Nc7 13. f5 Nxf5 14. Nxf5 exf5
15. Nh4 f6 16. Rae1 Rae8 17. Rxf5 g5 18. exf6 Rxe1+ 19. Qxe1 gxh4 20. Rg5+ Kh8
21. Rg7 Rf7 22. Qxh4 Rxg7 23. fxg7+ Kxg7 24. Qg5+ Kf7 25. Qh5+ Kf8 26. Qh6+ Qg7
27. Qf4+ Ke8 28. dxc5 bxc5 29. Qa4+ Kd8 30. Qxa7 Qd4+ 31. Kf1 Qd1+ 32. Kf2
Qxc2+ 33. Kg3 d4 34. Qb8+ Kd7 35. Qg8 Ne6 36. Qf7+ Kd6 0-1

[Event "XXIV Festival A"]
[Site "Porto San Giorgio ITA"]
[Date "2013.08.26"]
[Round "6"]
[White "Ramirez Garcia, Jorge Alberto"]
[Black "Baburin, Alexander E."]
[WhiteElo "2303"]
[BlackElo "2520"]
[Result "1/2-1/2"]
[PlyCount "48"]
[EventDate "2013.08.21"]

1. e4 Nf6 2. e5 Nd5 3. d4 d6 4. c4 Nb6 5. exd6 exd6 6. Nc3 Be7 7. Be3 O-O 8.
Bd3 Nc6 9. Nge2 Nb4 10. b3 Nxd3+ 11. Qxd3 c6 12. d5 Bf6 13. Rd1 cxd5 14. Nxd5
Nxd5 15. Qxd5 Be5 16. f4 Bf6 17. Qxd6 Qa5+ 18. Qd2 Qa6 19. O-O Bg4 20. Rde1
Rad8 21. Qc2 Rfe8 22. Bf2 Qa5 23. Ng3 g6 24. h3 Be6 1/2-1/2

[Event "XXIV Festival A"]
[Site "Porto San Giorgio ITA"]
[Date "2013.08.26"]
[Round "6"]
[White "Romanishin, Oleg M."]
[Black "Aleksic, Nenad"]
[WhiteElo "2494"]
[BlackElo "2357"]
[Result "1-0"]
[PlyCount "84"]
[EventDate "2013.08.21"]

1. d4 b6 2. Nf3 Bb7 3. g3 Nf6 4. c4 g6 5. Bg2 Bg7 6. O-O O-O 7. d5 e6 8. Nc3
exd5 9. cxd5 c5 10. e4 d6 11. e5 dxe5 12. Nxe5 Na6 13. Nc6 Qd7 14. Bf4 Rfe8 15.
Ne5 Qd8 16. Nc4 Bf8 17. Qd2 b5 18. Nxb5 Bxd5 19. Bxd5 Qxd5 20. Qxd5 Nxd5 21.
Bd2 Nac7 22. Nxc7 Nxc7 23. Rad1 Re4 24. b3 Nd5 25. Rfe1 Rd4 26. Be3 Nxe3 27.
fxe3 Rdd8 28. Kf2 a5 29. Rxd8 Rxd8 30. Ke2 Bg7 31. Rc1 Bf8 32. Rd1 Ra8 33. Rd7
a4 34. Nb6 Rb8 35. Nxa4 c4 36. bxc4 Rb4 37. Nc3 Rxc4 38. Kd3 Rc8 39. a4 Bg7 40.
Nd5 Ra8 41. Ne7+ Kf8 42. Nc6 Rc8 1-0

[Event "XXIV Festival A"]
[Site "Porto San Giorgio ITA"]
[Date "2013.08.26"]
[Round "6"]
[White "Zamengo, Fulvio"]
[Black "Bonafede, Alessandro"]
[WhiteElo "2107"]
[BlackElo "2380"]
[Result "0-1"]
[PlyCount "84"]
[EventDate "2013.08.21"]

1. e4 c6 2. d4 d5 3. Nc3 g6 4. Be3 Bg7 5. e5 f6 6. f4 Nh6 7. Qd2 O-O 8. Nf3 Bg4
9. Be2 Bxf3 10. Bxf3 fxe5 11. fxe5 Nf5 12. O-O e6 13. Ne2 c5 14. c3 Nc6 15. Ng3
Nxe3 16. Qxe3 cxd4 17. cxd4 Qb6 18. Ne2 Nxe5 19. Rad1 Rac8 20. b3 Rc2 21. Rd2
Rxd2 22. Qxd2 Nxf3+ 23. Rxf3 Rxf3 24. gxf3 e5 25. Kg2 exd4 26. Qg5 Qd6 27. h3
h6 28. Qg4 d3 29. Ng3 Qa3 30. Qxg6 Qxa2+ 31. Kg1 Qa1+ 32. Kg2 Qb2+ 33. Kf1 Qc1+
34. Kg2 Qd2+ 35. Kf1 Qg5 36. Qe6+ Kh7 37. Nf5 Qc1+ 38. Kf2 Qb2+ 39. Kf1 d2 40.
Ne3 Qb1+ 41. Kf2 Qe1+ 42. Kg2 Qxe3 0-1

[Event "XXIV Festival A"]
[Site "Porto San Giorgio ITA"]
[Date "2013.08.27"]
[Round "7"]
[White "Aleksic, Nenad"]
[Black "Armstrong, Malcolm J."]
[WhiteElo "2357"]
[BlackElo "2014"]
[Result "1/2-1/2"]
[PlyCount "45"]
[EventDate "2013.08.21"]

1. e4 c6 2. d4 d5 3. Nc3 dxe4 4. Nxe4 Bf5 5. Ng3 Bg6 6. Nf3 Nd7 7. Bc4 Ngf6 8.
O-O e6 9. Qe2 Be7 10. Re1 Nd5 11. Bb3 a5 12. a3 a4 13. Ba2 Qc7 14. Ne4 h6 15.
c4 N5f6 16. Bb1 Nxe4 17. Bxe4 Bxe4 18. Qxe4 Nf6 19. Qe2 O-O 20. Bd2 b5 21. Rac1
Qb7 22. Rc2 b4 23. axb4 1/2-1/2

[Event "XXIV Festival A"]
[Site "Porto San Giorgio ITA"]
[Date "2013.08.27"]
[Round "7"]
[White "Baburin, Alexander E."]
[Black "Moroni, Luca jr"]
[WhiteElo "2520"]
[BlackElo "2211"]
[Result "1/2-1/2"]
[PlyCount "111"]
[EventDate "2013.08.21"]

1. d4 d5 2. c4 e6 3. Nf3 Nf6 4. g3 dxc4 5. Bg2 Bb4+ 6. Bd2 c5 7. Bxb4 cxb4 8.
Ne5 O-O 9. Nxc4 Nc6 10. e3 e5 11. d5 b5 12. O-O bxc4 13. dxc6 Ba6 14. Qc1 Qb6
15. a3 c3 16. Re1 e4 17. axb4 cxb2 18. Qxb2 Qxc6 19. Nd2 Bd3 20. Nb3 Rab8 21.
Qa3 Qc3 22. Nc5 Qxa3 23. Rxa3 Rfd8 24. Nxd3 exd3 25. Rd1 Rxb4 26. Rxa7 Rb3 27.
Ra4 Kf8 28. Rd4 Ke7 29. Rxd8 Kxd8 30. Bf1 Ke7 31. Bxd3 h5 32. h4 g6 33. Be2 Ra3
34. Rb1 Ra7 35. Bf3 Nd7 36. Rb7 Rxb7 37. Bxb7 Kd6 38. Ba6 Kd5 39. Kg2 Nc5 40.
Bb5 Ne4 41. Ba4 Kd6 42. Bb3 Ke7 43. f3 Nc5 44. Bc4 f5 45. Kf2 Nd7 46. Ke2 Ne5
47. Bd5 Kf6 48. Kd2 Ke7 49. Kc3 Kf6 50. Kd4 Nd7 51. Bb7 Ne5 52. f4 Ng4 53. Bf3
Nh6 54. Kc5 Nf7 55. Kd5 Ke7 56. Kd4 1/2-1/2

[Event "XXIV Festival A"]
[Site "Porto San Giorgio ITA"]
[Date "2013.08.27"]
[Round "7"]
[White "Bonafede, Alessandro"]
[Black "Sgnaolin, Davide"]
[WhiteElo "2380"]
[BlackElo "2238"]
[Result "1-0"]
[PlyCount "73"]
[EventDate "2013.08.21"]

1. e4 c5 2. b3 Nc6 3. Bb2 e5 4. Bc4 Nf6 5. Nc3 d6 6. h3 g6 7. d3 Bg7 8. Nge2 a6
9. a4 Rb8 10. O-O O-O 11. Qd2 Nd4 12. Kh1 Nh5 13. Nxd4 cxd4 14. Ne2 Qh4 15. Kg1
Nf4 16. Nxf4 exf4 17. f3 Be5 18. a5 h5 19. Rfc1 Be6 20. Bxe6 fxe6 21. Ra4 Qf6
22. Qf2 b5 23. axb6 Rxb6 24. Bxd4 Bxd4 25. Qxd4 Qxd4+ 26. Rxd4 Rc8 27. Rc4 Rxc4
28. dxc4 Kf7 29. Ra1 g5 30. Ra5 Kg6 31. Kf2 g4 32. hxg4 hxg4 33. fxg4 e5 34.
Kf3 Kf6 35. g3 fxg3 36. Kxg3 Rc6 37. Kh4 1-0

[Event "XXIV Festival A"]
[Site "Porto San Giorgio ITA"]
[Date "2013.08.27"]
[Round "7"]
[White "Bruno, Fabio"]
[Black "Barlocco, Carlo"]
[WhiteElo "2421"]
[BlackElo "2093"]
[Result "1-0"]
[PlyCount "74"]
[EventDate "2013.08.21"]

1. d4 d5 2. Nf3 e6 3. e3 f5 4. Bd3 Nf6 5. c4 c6 6. O-O Bd6 7. b3 Qe7 8. Bb2 O-O
9. Qc1 Ne4 10. Ba3 Bd7 11. Bxd6 Qxd6 12. Qb2 a5 13. Ne5 Be8 14. f3 Ng5 15. Nc3
Na6 16. f4 Ne4 17. c5 Qe7 18. Bxe4 dxe4 19. Na4 Nb4 20. Nb6 Ra6 21. a3 Nd5 22.
Nxd5 exd5 23. b4 b5 24. a4 Qb7 25. Rfb1 axb4 26. Qxb4 Qa7 27. Ra3 bxa4 28. Rba1
Bh5 29. Rxa4 Rxa4 30. Rxa4 Qc7 31. Qb6 Qc8 32. Nxc6 Kh8 33. Ne5 h6 34. Ra7 Rf6
35. Qa5 Rf8 36. h3 Kh7 37. Qb6 Rf6 1-0

[Event "XXIV Festival A"]
[Site "Porto San Giorgio ITA"]
[Date "2013.08.27"]
[Round "7"]
[White "Dvirnyy, Danyyil"]
[Black "Romanishin, Oleg M."]
[WhiteElo "2549"]
[BlackElo "2494"]
[Result "1/2-1/2"]
[PlyCount "51"]
[EventDate "2013.08.21"]

1. c4 e5 2. g3 Nf6 3. Bg2 c6 4. d4 Bb4+ 5. Bd2 Bxd2+ 6. Qxd2 d6 7. Nc3 O-O 8.
e3 Be6 9. b3 exd4 10. exd4 d5 11. c5 b6 12. cxb6 axb6 13. Nge2 Qd6 14. O-O Nbd7
15. Rfe1 Bf5 16. Nd1 Be4 17. f3 Bg6 18. Ne3 h6 19. Nf4 Bh7 20. a4 Rfe8 21. Bh3
Nf8 22. Nf5 Bxf5 23. Bxf5 c5 24. Rac1 Rxe1+ 25. Rxe1 c4 26. Qc3 1/2-1/2

[Event "XXIV Festival A"]
[Site "Porto San Giorgio ITA"]
[Date "2013.08.27"]
[Round "7"]
[White "Martinez, Rolly"]
[Black "Paci, Daniele"]
[WhiteElo "2451"]
[BlackElo "2232"]
[Result "1-0"]
[PlyCount "112"]
[EventDate "2013.08.21"]

1. e4 d5 2. Nc3 d4 3. Nce2 g6 4. d3 c5 5. g3 Nc6 6. Bg2 Bg7 7. f4 e5 8. Nf3
Nge7 9. O-O O-O 10. c3 exf4 11. gxf4 dxc3 12. bxc3 Nb4 13. d4 cxd4 14. cxd4 Na6
15. Be3 f5 16. e5 Nc7 17. Nc3 Be6 18. Qd3 h6 19. Rfc1 Ned5 20. Nxd5 Nxd5 21.
Bd2 Qd7 22. a4 Rfc8 23. a5 Rxc1+ 24. Rxc1 Rc8 25. Rxc8+ Qxc8 26. h4 Qe8 27. h5
gxh5 28. Nh4 Qf7 29. Kh2 Ne7 30. Bxb7 Ng6 31. Nxg6 Qxb7 32. d5 Qd7 33. Bb4 Kh7
34. Ne7 Bf8 35. Bd6 Bxe7 36. dxe6 Qxe6 37. Bxe7 Qxe7 38. Qxf5+ Kg7 39. Qxh5 Qd7
40. Qf3 Qa4 41. Qg4+ Kh8 42. Qc8+ Kg7 43. Kg3 Qxa5 44. Qb7+ Kg8 45. Kg4 Qa2 46.
Qc8+ Kg7 47. Qd7+ Kg8 48. e6 Qg2+ 49. Kf5 Qh3+ 50. Kf6 Qc3+ 51. Ke7 Qb4+ 52.
Qd6 Qb7+ 53. Kd8 a5 54. e7 Qa8+ 55. Kd7 Qb7+ 56. Ke6 Qe4+ 1-0

[Event "XXIV Festival A"]
[Site "Porto San Giorgio ITA"]
[Date "2013.08.27"]
[Round "7"]
[White "Schoorl, Rob"]
[Black "Paltrinieri, Nicholas"]
[WhiteElo "2348"]
[BlackElo "2177"]
[Result "0-1"]
[PlyCount "102"]
[EventDate "2013.08.21"]

1. e4 e6 2. d4 d5 3. e5 c5 4. c3 Qb6 5. Nf3 Nc6 6. a3 Nh6 7. b4 cxd4 8. cxd4
Nf5 9. Bb2 Be7 10. h4 Bd7 11. g4 Nh6 12. Rg1 f5 13. exf6 gxf6 14. Nc3 a5 15. b5
Na7 16. Rc1 Nf7 17. Bd3 Qd6 18. Qb3 Nc8 19. Rc2 Nb6 20. g5 a4 21. Qa2 Rc8 22.
Qb1 Nc4 23. Bxc4 Rxc4 24. Re2 Kd8 25. Qd3 Qf4 26. Kd1 Nd6 27. Rge1 Re8 28. Rxe6
Bxe6 29. Rxe6 Qg4 30. Rxd6+ Bxd6 31. Nxd5 Qg2 32. Qxc4 Qxf3+ 33. Kc2 Re1 34.
Bc1 Re2+ 35. Bd2 Qxf2 36. Qd3 Rxd2+ 37. Qxd2 Qf5+ 38. Qd3 Qxd5 39. gxf6 Qg2+
40. Kd1 Qg1+ 41. Ke2 Qg4+ 42. Kf1 Qxh4 43. Qc4 Qxf6+ 44. Ke2 Qe7+ 45. Kd3 Qf8
46. Qxa4 Qf3+ 47. Kc4 Qxa3 48. Qc2 h5 49. Qh7 Qa2+ 50. Kc3 Qd5 51. b6 Be7 0-1

[Event "XXIV Festival A"]
[Site "Porto San Giorgio ITA"]
[Date "2013.08.27"]
[Round "7"]
[White "Valsecchi, Alessio"]
[Black "Eggleston, David J."]
[WhiteElo "2412"]
[BlackElo "2363"]
[Result "1/2-1/2"]
[PlyCount "47"]
[EventDate "2013.08.21"]

1. e4 c5 2. c3 Qa5 3. Nf3 Nc6 4. g3 d6 5. Bg2 Nf6 6. Qe2 Bg4 7. O-O e6 8. h3
Bxf3 9. Bxf3 Be7 10. Bg2 d5 11. d3 O-O 12. Nd2 b5 13. exd5 exd5 14. c4 Rad8 15.
Nb3 Qa6 16. Bg5 bxc4 17. dxc4 h6 18. Bxf6 Bxf6 19. Nxc5 Nd4 20. Qd1 Qc8 21. Nb3
dxc4 22. Nxd4 Rxd4 23. Qc2 Rfd8 24. Rac1 1/2-1/2

[Event "XXIV Festival A"]
[Site "Porto San Giorgio ITA"]
[Date "2013.08.28"]
[Round "8"]
[White "Armstrong, Malcolm J."]
[Black "Schoorl, Rob"]
[WhiteElo "2014"]
[BlackElo "2348"]
[Result "1/2-1/2"]
[PlyCount "119"]
[EventDate "2013.08.21"]

1. d4 Nf6 2. Nf3 g6 3. g3 Bg7 4. Bg2 O-O 5. O-O d6 6. c4 Nc6 7. Nc3 a6 8. e4
Bg4 9. h3 Bxf3 10. Bxf3 e5 11. d5 Nd4 12. Bg2 Nd7 13. Be3 c5 14. dxc6 bxc6 15.
Qd2 Rb8 16. Rad1 Rb4 17. b3 a5 18. Ne2 c5 19. Nc3 Nb6 20. Bxd4 exd4 21. Nb5 a4
22. Qd3 axb3 23. axb3 Na8 24. Ra1 Nc7 25. Na3 Qe7 26. Nc2 Rb6 27. Rfb1 Rfb8 28.
Bf3 h5 29. h4 g5 30. hxg5 Qxg5 31. Ra3 h4 32. Bg2 Ne6 33. Ne1 hxg3 34. Qxg3
Qxg3 35. fxg3 Bh6 36. Nd3 Be3+ 37. Kf1 f6 38. Ke2 Kg7 39. Bh3 Ng5 40. Bf5 R6b7
41. Nf4 Rh8 42. Ne6+ Nxe6 43. Bxe6 Rh2+ 44. Kf3 Rf2+ 45. Kg4 f5+ 46. Bxf5 Kf6
47. Ra8 Rg7+ 48. Kh3 Rf3 49. Bg4 Rh7+ 50. Bh5 Kg5 51. Rg8+ Kxh5 52. Rh1 Bg5 53.
Kg2+ Kg4 54. Rxh7 Rxg3+ 55. Kf2 Rf3+ 56. Kg2 Rc3 57. Rhg7 Rc2+ 58. Kg1 Rc1+ 59.
Kg2 Rc2+ 60. Kg1 1/2-1/2

[Event "XXIV Festival A"]
[Site "Porto San Giorgio ITA"]
[Date "2013.08.28"]
[Round "8"]
[White "Calandri, Fausto"]
[Black "Aleksic, Nenad"]
[WhiteElo "2117"]
[BlackElo "2357"]
[Result "1/2-1/2"]
[PlyCount "30"]
[EventDate "2013.08.21"]

1. e4 c5 2. c3 b6 3. d4 Bb7 4. Bd3 Nf6 5. Nd2 e6 6. Ngf3 d6 7. Qe2 cxd4 8. cxd4
Be7 9. O-O Nbd7 10. b3 O-O 11. Bb2 Rc8 12. Rfc1 Rxc1+ 13. Rxc1 Qb8 14. Nf1 Rc8
15. Ng3 Rxc1+ 1/2-1/2

[Event "XXIV Festival A"]
[Site "Porto San Giorgio ITA"]
[Date "2013.08.28"]
[Round "8"]
[White "Corsino, Gianluca"]
[Black "Bentivegna, Francesco"]
[WhiteElo "2094"]
[BlackElo "2293"]
[Result "0-1"]
[PlyCount "86"]
[EventDate "2013.08.21"]

1. d4 e6 2. e4 d5 3. exd5 exd5 4. Nf3 Nc6 5. c3 Bd6 6. Bd3 Nge7 7. O-O Bg4 8.
Re1 Qd7 9. b4 O-O 10. Nbd2 Rae8 11. h3 Bf5 12. Nf1 h6 13. Bxf5 Nxf5 14. Ne3
Nxe3 15. Rxe3 Re4 16. Rxe4 dxe4 17. Nh4 Ne7 18. Qg4 f5 19. Qh5 Qe6 20. g3 e3
21. Bxe3 Bxg3 22. Re1 Bxh4 23. Qxh4 Qf7 24. Bf4 g5 25. Qg3 Nd5 26. Be5 Kh7 27.
a3 Re8 28. Qf3 c6 29. Kf1 Nb6 30. Bd6 Rxe1+ 31. Kxe1 Qe6+ 32. Be5 Nc4 33. Qe2
Nxa3 34. f4 Kg6 35. fxg5 hxg5 36. h4 g4 37. Qe3 Qe7 38. Kf1 Nc4 39. Qf4 Qxh4
40. Bc7 Qh3+ 41. Ke2 Qxc3 42. Bd8 Qc2+ 43. Kf1 Nd2+ 0-1

[Event "XXIV Festival A"]
[Site "Porto San Giorgio ITA"]
[Date "2013.08.28"]
[Round "8"]
[White "Eggleston, David J."]
[Black "Bonafede, Alessandro"]
[WhiteElo "2363"]
[BlackElo "2380"]
[Result "1-0"]
[PlyCount "87"]
[EventDate "2013.08.21"]

1. e4 g6 2. d4 Bg7 3. Nc3 c6 4. Nf3 d5 5. h3 Nf6 6. e5 Ne4 7. Nxe4 dxe4 8. Ng5
c5 9. d5 Bxe5 10. Nxe4 O-O 11. Be2 Qc7 12. O-O c4 13. Bf3 Na6 14. Re1 Rb8 15.
Bg5 f6 16. Bh6 Rd8 17. Qe2 Bf5 18. Rad1 b5 19. Ng3 Bc8 20. h4 Nc5 21. Bc1 Bd7
22. h5 Be8 23. hxg6 hxg6 24. Qe3 Bf7 25. Qh6 Rb6 26. Be3 Nd7 27. Bxb6 Nxb6 28.
d6 exd6 29. c3 b4 30. Ne2 d5 31. Nd4 Na4 32. Qd2 Nc5 33. g3 a5 34. Kg2 f5 35.
Rxe5 Qxe5 36. Nc6 Qd6 37. Nxd8 Qxd8 38. Bxd5 Nd3 39. Bxf7+ Kxf7 40. Rh1 g5 41.
Qe3 Qd5+ 42. Kg1 Qc5 43. Rh7+ Kf6 44. Rh6+ 1-0

[Event "XXIV Festival A"]
[Site "Porto San Giorgio ITA"]
[Date "2013.08.28"]
[Round "8"]
[White "Mchedlishvili, Mikheil"]
[Black "Petkov, Vladimir"]
[WhiteElo "2633"]
[BlackElo "2552"]
[Result "1-0"]
[PlyCount "71"]
[EventDate "2013.08.21"]

1. d4 Nf6 2. c4 c5 3. d5 e6 4. Nf3 exd5 5. cxd5 d6 6. Nc3 g6 7. Bf4 a6 8. a4
Bg7 9. h3 O-O 10. e3 Re8 11. Nd2 Nbd7 12. Be2 Ne5 13. O-O Rb8 14. Bh2 Re7 15.
a5 Ne8 16. Re1 b5 17. axb6 Rxb6 18. Ra2 Rb4 19. Qc2 Nc7 20. Nb3 Nb5 21. Bxb5
axb5 22. Ra8 Re8 23. Na5 Qe7 24. Bxe5 Bxe5 25. Nc6 Qc7 26. Rea1 Kg7 27. R1a7
Qb6 28. Nxb4 cxb4 29. Ne2 Qc5 30. Rc7 Bf5 31. Rxe8 Qxc2 32. Rxc2 Bxc2 33. Nd4
Bd3 34. Rxe5 dxe5 35. d6 Kf6 36. d7 1-0

[Event "XXIV Festival A"]
[Site "Porto San Giorgio ITA"]
[Date "2013.08.28"]
[Round "8"]
[White "Moroni, Luca jr"]
[Black "Valsecchi, Alessio"]
[WhiteElo "2211"]
[BlackElo "2412"]
[Result "0-1"]
[PlyCount "76"]
[EventDate "2013.08.21"]

1. c4 Nf6 2. Nf3 e6 3. g3 d5 4. Bg2 dxc4 5. Qa4+ c6 6. Qxc4 b5 7. Qc2 Bb7 8.
O-O Nbd7 9. b3 Be7 10. Bb2 O-O 11. d3 c5 12. Nbd2 Nd5 13. Rac1 a5 14. d4 Rc8
15. Qb1 b4 16. Nc4 Ba6 17. Rfd1 cxd4 18. Nxd4 Bg5 19. e3 Rc5 20. Rc2 Qc7 21.
Rdc1 Rc8 22. Bf1 Bb7 23. Bg2 Qb8 24. f4 Bf6 25. e4 Nc3 26. Bxc3 bxc3 27. e5
Bxg2 28. Kxg2 Qa8+ 29. Nf3 g5 30. Rxc3 g4 31. Kf2 Be7 32. Nfd2 f5 33. exf6 Bxf6
34. Rd3 Rh5 35. Rxd7 Rxh2+ 36. Ke3 Qg2 37. Kd3 Rxc4 38. bxc4 Qxd2+ 0-1